Europa Central y América Latina: estudios históricos /
Gespeichert in:
| 1. Verfasser: | |
|---|---|
| Weitere Verfasser: | |
| Format: | Text |
| Veröffentlicht: |
s.l.:
s.e.
|
| Tags: |
Tag hinzufügen
Keine Tags, Fügen Sie den ersten Tag hinzu!
|
MARC
| LEADER | 00000 a a2200000 04500 | ||
|---|---|---|---|
| 001 | 25331 | ||
| 003 | |||
| 040 | |||
| 090 | |a 181100 | ||
| 100 | |a Anderle, Adám | ||
| 245 | |a Europa Central y América Latina: estudios históricos / |c Adám Anderle | ||
| 260 | |a s.l.: |b s.e. | ||
| 300 | |a 126 p | ||
| 700 | |a ed. | ||
| 999 | |c 11768 |d 11768 | ||
